| 000 | 01651nab a2200229 i 4500 | ||
|---|---|---|---|
| 001 | 768714001 | ||
| 003 | CO-MdFUSB | ||
| 005 | 20240517124124.0 | ||
| 008 | 240517t1972 sp ||||| |||| 00| 0 spa d | ||
| 040 |
_bspa _cCO-MdFUSB _dCO-MdFUSB |
||
| 041 | _aspa | ||
| 100 |
_aKamstra, Jacques H., _eautor |
||
| 245 |
_aCambios de la idea de Dios en las religiones y culturas no occidentales _c/ Jacques Kamstra ; traducido por G. A. Gutiérrez |
||
| 520 | _aEl hecho de que en muchos pueblos esté cambiando actualmente el concepto de Dios no se debe a la moderna ciencia de la religión, ya que ésta carece prácticamente de influencia. Se debe, sobre todo, a su contacto con Occidente. En algunas culturas, el concepto de Dios cambia de golpe o es incluso sustituido; en otras, este cambio se lleva a cabo gradualmente. Para podernos hacer una idea cabal del fenómeno habremos de partir de cuatro tipos de religión, en cada uno de los cuales el cambio se realiza de modo totalmente distinto. Estos tipos muestran que en un caso es la cultura, en otros son sólo determinados factores religiosos los que contribuyen a forjar una diferente idea de Dios. Estos cuatro tipos son: religiones tribales, nacionales, universa les y personales. | ||
| 650 | 7 |
_aDios _9178 |
|
| 650 | 7 |
_aReligión y cultura _9388 |
|
| 650 | 0 |
_aCristianismo y otras religiones _91247 |
|
| 700 |
_aGutiérrez, G. A., _etraductor |
||
| 773 | 0 |
_049450 _982644 _oR2566 _tRevista internacional de teología Concilium _w(CO-MdFUSB)8 _x0210-1041 _gNúmero 76, (junio, 1972), páginas: 434 - 442 _qpágina: 434 |
|
| 942 | _cANA | ||
| 945 | _aCatherine Arias Alvarez - Practicante SENA | ||
| 999 |
_c69775 _d69775 |
||